Moje kniha Vinnetou /

Existenciální a emotivní komiksový příběh české výtvarnice a streetartistky.

Main Author: Toy Box, 1985-
Language: Czech
Published: V Praze : Labyrint, 2019
Edition: 2., rozšířené vydání
Series: Komiks (Labyrint)
Physical Description: 214 nečíslovaných stran : ilustrace (převážně barevné) ; 25 cm
Book
Saved in:
LEADER 02274nam a2200409 i 4500
001 nkc20193158069
003 CZ PrNK
005 20200218094448.0
007 ta
008 191107s2019 xr a g 6 000 1 cze
015 |a cnb003158069 
020 |a 978-80-87260-96-8  |q (brožováno) 
035 |a (OCoLC)1143832238 
040 |a ABG001  |b cze  |d ABA001  |e rda 
072 7 |a 741.52  |x Komiksy. Komiksové adaptace  |2 Konspekt  |9 21 
080 |a 741.52(0:82-32)  |2 MRF 
100 0 |a Toy Box,  |d 1985-  |7 xx0058060  |4 aut  |4 ill 
245 1 0 |a Moje kniha Vinnetou /  |c Toy Box 
250 |a 2., rozšířené vydání 
264 1 |a V Praze :  |b Labyrint,  |c 2019 
300 |a 214 nečíslovaných stran :  |b ilustrace (převážně barevné) ;  |c 25 cm 
336 |a text  |b txt  |2 rdacontent 
336 |a statický obraz  |b sti  |2 rdacontent 
337 |a bez média  |b n  |2 rdamedia 
338 |a svazek  |b nc  |2 rdacarrier 
490 1 |a Labyrint komiks ;  |v 12. svazek 
520 2 |a Existenciální a emotivní komiksový příběh české výtvarnice a streetartistky.  |b Velmi pěkně výtvarně zpracovaná grafická novela spojuje příběh malého chlapce s velkou fantazií, který se neumí smířit s tím, že Vinnetou nakonec umře, s vlastními autorčinými zážitky. Stejně jako se osmiletý chlapec vypořádává s fiktivní mayovskou realitou, autorka se střetává se svou skutečností a zaznamenává své pocity a setkání s lidmi, kteří jí jsou velmi blízcí. Ne náhodou tito lidé pocházejí z anarchistického či squatterského prostředí, které bylo vždy trnem v oku většinové společnosti či represivním složkám státu. Komiks pak jemným způsobem zachycuje autorčin světonázor a zejména silné emoce a dojemné scény, které život přináší, ačkoli bychom je sami možná chtěli vyškrtnout. 
655 7 |a komiksy  |7 fd131978  |2 czenas 
655 9 |a comics (graphic works)  |2 eczenas 
830 0 |a Komiks (Labyrint)  |0 s 
910 2 |a BOA001  |b 3-1442.081 
920 |a 4506658  |z ABG001 
990 |a BK 
995 |a 01 
991 |b 202001  |c NOV 
996 3 |b 2610811082  |c 3-1442.081  |l MZK  |r CLC  |n 0  |p kup ; Praha  |w 001775120  |u 000010  |a 1  |e BOA001  |j MZK50  |s N 
996 6 |b 2610812139  |c 3-1442.081  |l MZK  |r Sklad / do 1 hodiny  |n 2  |p p.v.  |w 001775120  |u 000020  |a 1  |e BOA001  |j MZK50  |s P